<?xml version="1.0" encoding="UTF-8"?><?xml-stylesheet type="text/xsl" href="static/style.xsl"?><OAI-PMH xmlns="http://www.openarchives.org/OAI/2.0/" xmlns:xsi="http://www.w3.org/2001/XMLSchema-instance" xsi:schemaLocation="http://www.openarchives.org/OAI/2.0/ http://www.openarchives.org/OAI/2.0/OAI-PMH.xsd"><responseDate>2026-04-17T19:00:46Z</responseDate><request verb="GetRecord" identifier="oai:riubu.ubu.es:10259/7572" metadataPrefix="marc">https://riubu.ubu.es/oai/request</request><GetRecord><record><header><identifier>oai:riubu.ubu.es:10259/7572</identifier><datestamp>2023-03-22T01:05:21Z</datestamp><setSpec>com_10259_4141</setSpec><setSpec>com_10259_5086</setSpec><setSpec>com_10259_2604</setSpec><setSpec>com_10259.4_2575</setSpec><setSpec>com_10259.4_2574</setSpec><setSpec>com_10259.4_106</setSpec><setSpec>com_10259_7570</setSpec><setSpec>com_10259_3989</setSpec><setSpec>col_10259_4142</setSpec><setSpec>col_10259.4_2576</setSpec><setSpec>col_10259_7571</setSpec></header><metadata><record xmlns="http://www.loc.gov/MARC21/slim" xmlns:doc="http://www.lyncode.com/xoai" xmlns:xsi="http://www.w3.org/2001/XMLSchema-instance" xmlns:dcterms="http://purl.org/dc/terms/" xsi:schemaLocation="http://www.loc.gov/MARC21/slim http://www.loc.gov/standards/marcxml/schema/MARC21slim.xsd">
<leader>00925njm 22002777a 4500</leader>
<datafield tag="042" ind1=" " ind2=" ">
<subfield code="a">dc</subfield>
</datafield>
<datafield tag="720" ind1=" " ind2=" ">
<subfield code="a">Magro, Ana</subfield>
<subfield code="e">author</subfield>
</datafield>
<datafield tag="720" ind1=" " ind2=" ">
<subfield code="a">Gutiérrez García, Aida</subfield>
<subfield code="e">author</subfield>
</datafield>
<datafield tag="720" ind1=" " ind2=" ">
<subfield code="a">González Álvarez, Marta</subfield>
<subfield code="e">author</subfield>
</datafield>
<datafield tag="720" ind1=" " ind2=" ">
<subfield code="a">Líbano Miralles, Mario del</subfield>
<subfield code="e">author</subfield>
</datafield>
<datafield tag="260" ind1=" " ind2=" ">
<subfield code="c">2022-11</subfield>
</datafield>
<datafield tag="520" ind1=" " ind2=" ">
<subfield code="a">In December 2019, a new virus called SARS-CoV-2 appeared, and the disease it produced&#xd;
was named COVID-19. After the pandemic situation was declared by the World Health Organization in March 2020, an increasing worsening of the mental health of the population, especially&#xd;
healthcare professionals, became apparent. To determine the psychosocial impact of the pandemic&#xd;
on healthcare professionals in Spain, a longitudinal study was conducted at two time points separated by 5 weeks (n time 1 = 169; n time 2 = 65). Participants completed an online questionnaire&#xd;
assessing depression, anxiety, and stress (Depression Anxiety Stress Scale, DASS-21), burnout&#xd;
(Maslach Burnout Inventory—MBI), resilience (Brief Resilience Scale—BRS), and health-related&#xd;
quality of life (SF-36 Health Questionnaire). The results showed high levels of depression, anxiety,&#xd;
stress, and burnout, as well as moderate levels of resilience and low levels of quality of life at the&#xd;
first assessment. Resilience was negatively related to negative experiences, and positively related&#xd;
to the quality of life, also at the first assessment. Overall, there was an improvement in the mental&#xd;
health of healthcare professionals when comparing the two assessments. In this improvement,&#xd;
having COVID-19 in the first assessment had a positive effect on perceived mental health in the&#xd;
second assessment.</subfield>
</datafield>
<datafield tag="024" ind2=" " ind1="8">
<subfield code="a">http://hdl.handle.net/10259/7572</subfield>
</datafield>
<datafield tag="024" ind2=" " ind1="8">
<subfield code="a">10.3390/su142215171</subfield>
</datafield>
<datafield tag="024" ind2=" " ind1="8">
<subfield code="a">2071-1050</subfield>
</datafield>
<datafield ind1=" " ind2=" " tag="653">
<subfield code="a">Resilience</subfield>
</datafield>
<datafield ind1=" " ind2=" " tag="653">
<subfield code="a">Depression</subfield>
</datafield>
<datafield ind1=" " ind2=" " tag="653">
<subfield code="a">Anxiety</subfield>
</datafield>
<datafield ind1=" " ind2=" " tag="653">
<subfield code="a">Stress</subfield>
</datafield>
<datafield ind1=" " ind2=" " tag="653">
<subfield code="a">Burnout</subfield>
</datafield>
<datafield ind1=" " ind2=" " tag="653">
<subfield code="a">Health-related quality of life</subfield>
</datafield>
<datafield ind1=" " ind2=" " tag="653">
<subfield code="a">Healthcare professionals</subfield>
</datafield>
<datafield ind1=" " ind2=" " tag="653">
<subfield code="a">COVID-19</subfield>
</datafield>
<datafield tag="245" ind1="0" ind2="0">
<subfield code="a">Psychosocial Impact of the COVID-19 Pandemic on Healthcare Professionals in Spain</subfield>
</datafield>
</record></metadata></record></GetRecord></OAI-PMH>